Forest measurements / (Record no. 33028)
[ view plain ]
| 000 -LEADER | |
|---|---|
| fixed length control field | 00957pam a2200289 a 4500 |
| 001 - CONTROL NUMBER | |
| control field | 1388740 |
| 003 - CONTROL NUMBER IDENTIFIER | |
| control field | OSt |
| 005 - DATE AND TIME OF LATEST TRANSACTION | |
| control field | 20220317103042.0 |
| 008 - FIXED-LENGTH DATA ELEMENTS--GENERAL INFORMATION | |
| fixed length control field | 820804s1983 nyua b 001 0 eng |
| 010 ## - LIBRARY OF CONGRESS CONTROL NUMBER | |
| LC control number | 82016184 |
| 020 ## - INTERNATIONAL STANDARD BOOK NUMBER | |
| International Standard Book Number | 0070025037 : |
| Terms of availability | $25.00 |
| 040 ## - CATALOGING SOURCE | |
| Original cataloging agency | DLC |
| Transcribing agency | HU |
| Modifying agency | DLC |
| 050 00 - LIBRARY OF CONGRESS CALL NUMBER | |
| Classification number | SD555 |
| Item number | .A93 1983 |
| 082 00 - DEWEY DECIMAL CLASSIFICATION NUMBER | |
| Classification number | 634.9/285 |
| Edition number | 19 |
| 100 1# - MAIN ENTRY--PERSONAL NAME | |
| Personal name | Avery, Thomas Eugene. |
| 9 (RLIN) | 9610 |
| 245 10 - TITLE STATEMENT | |
| Title | Forest measurements / |
| Statement of responsibility, etc. | Thomas Eugene Avery, Harold E. Burkhart. |
| 250 ## - EDITION STATEMENT | |
| Edition statement | 3rd ed. |
| 260 ## - PUBLICATION, DISTRIBUTION, ETC. | |
| Place of publication, distribution, etc. | New York : |
| Name of publisher, distributor, etc. | McGraw-Hill, |
| Date of publication, distribution, etc. | c1983. |
| 300 ## - PHYSICAL DESCRIPTION | |
| Extent | xviii, 331 p. : |
| Other physical details | ill. ; |
| Dimensions | 24 cm. |
| 440 #0 - SERIES STATEMENT/ADDED ENTRY--TITLE | |
| Title | McGraw-Hill series in forest resources |
| 9 (RLIN) | 6088 |
| 500 ## - GENERAL NOTE | |
| General note | Rev. ed. of: Natural resources measurements. 2nd ed. 1974, c1975. |
| 500 ## - GENERAL NOTE | |
| General note | Includes bibliographies and index. |
| 650 #0 - SUBJECT ADDED ENTRY--TOPICAL TERM | |
| Topical term or geographic name entry element | Forests and forestry |
| General subdivision | Measurement. |
| 9 (RLIN) | 9612 |
| 700 1# - ADDED ENTRY--PERSONAL NAME | |
| Personal name | Burkhart, Harold E. |
| 9 (RLIN) | 33130 |
| 906 ## - LOCAL DATA ELEMENT F, LDF (RLIN) | |
| a | 7 |
| b | cbc |
| c | orignew |
| d | 1 |
| e | ocip |
| f | 19 |
| g | y-gencatlg |
| 942 ## - ADDED ENTRY ELEMENTS (KOHA) | |
| Source of classification or shelving scheme | Dewey Decimal Classification |
| Koha item type | Books like text book referance book |
| Suppress in OPAC | No |
| Withdrawn status | Lost status | Source of classification or shelving scheme | Damaged status | Not for loan | Collection code | Home library | Current library | Shelving location | Date acquired | Total Checkouts | Full call number | Barcode | Date last seen | Copy number | Price effective from | Koha item type |
|---|---|---|---|---|---|---|---|---|---|---|---|---|---|---|---|---|
| Dewey Decimal Classification | Reference | Wondo Genet Library | Wondo Genet Library | General Stacks | 03/17/2022 | 634.9'285 AVE 1983 | WGCFNRL00013740 | 03/17/2022 | 1 | 03/17/2022 | Books like text book referance book | |||||
| Dewey Decimal Classification | Reference | Wondo Genet Library | Wondo Genet Library | General Stacks | 03/21/2022 | 634.9285EUG1983 | WGCFNRL00014171 | 03/21/2022 | 2 | 03/21/2022 | Books like text book referance book | |||||
| Dewey Decimal Classification | Reference | Wondo Genet Library | Wondo Genet Library | General Stacks | 03/28/2022 | 634.9/285AVE1983 | WGCFNRL00014245 | 03/28/2022 | 3 | 03/28/2022 | Books like text book referance book | |||||
| Dewey Decimal Classification | Reference | Wondo Genet Library | Wondo Genet Library | General Stacks | 04/01/2022 | 634.9/285AVE1983 | WGCFNRL00013573 | 04/01/2022 | 4 | 04/01/2022 | Books like text book referance book | |||||
| Dewey Decimal Classification | Reference | Wondo Genet Library | Wondo Genet Library | General Stacks | 04/01/2022 | 634.9/285AVE1983 | WGCFNRL00016032 | 04/01/2022 | 5 | 04/01/2022 | Books like text book referance book | |||||
| Dewey Decimal Classification | Reference | Wondo Genet Library | Wondo Genet Library | General Stacks | 04/01/2022 | 634.9/285AVE1983 | WGCFNRL00016030 | 04/01/2022 | 6 | 04/01/2022 | Books like text book referance book |